Consecuencias socioeconómicas de las reformas borbónicas en un pueblo de indios: caso de Cot /

Analiza el destino o papel económico que siguieron los pueblos de indios durante la segunda parte del siglo XVIII, en Costa Rica (el caso del pueblo de Cot) - Explica las condiciones que permitieron la formación de un campesinado de extracción indígena en pleno crecimiento demográfico a las puertas...

詳細記述

保存先:
書誌詳細
第一著者: Bolaños Arquín, Margarita
その他の著者: Quirós Vargas, Claudia
フォーマット: テキスト
出版事項: San José: Universidad de Costa Rica
主題:
タグ: タグ追加
タグなし, このレコードへの初めてのタグを付けませんか!

MARC

LEADER 00000 a a2200000 04500
001 20596
003
040
090 |a 086900  
100 |a Bolaños Arquín, Margarita  
245 |a Consecuencias socioeconómicas de las reformas borbónicas en un pueblo de indios: caso de Cot /  |c Margarita Bolaños Arquín 
260 |a San José:   |b Universidad de Costa Rica  
300 |a 30 p  
520 |a Analiza el destino o papel económico que siguieron los pueblos de indios durante la segunda parte del siglo XVIII, en Costa Rica (el caso del pueblo de Cot) - Explica las condiciones que permitieron la formación de un campesinado de extracción indígena en pleno crecimiento demográfico a las puertas de la independencia nacional. Estudia los aspectos generales de las reformas borbónicas para explicar la activación económica en Hispanoamérica y en Cot. Examina el cabildo de Cot y el régimen de producción (1707 - 1820), relacionándolos con las nuevas orientaciones económicas. Señala que este es un primer intento para rebatir las tesis de que las poblaciones indígenas no jugaron un papel importante en el desarrollo de la producción cafetalera  
650 |a COSTA RICA  
650 |a HISTORIA  
650 |a INDIO  
650 |a POBLACION INDIGENA  
650 |a PRODUCCION  
650 |a CAMPESINOS  
650 |a CAFE  
700 |a Quirós Vargas, Claudia  
999 |c 15722  |d 15722